Normal view
MARC view
- Miles Kelly
Entry Personal Name
001 - CONTROL NUMBER
- control field: 3359
003 - CONTROL NUMBER IDENTIFIER
- control field: NUST
005 - DATE AND TIME OF LATEST TRANSACTION
- control field: 20170718123402.0
008 - FIXED-LENGTH DATA ELEMENTS
- fixed length control field: 170718|| aca||aabn | a|a d
040 ## - CATALOGING SOURCE
- Original cataloging agency: NUST
- Transcribing agency: NUST
100 ## - HEADING--PERSONAL NAME
- Personal name: Miles Kelly
670 ## - SOURCE DATA FOUND
- Source citation: Work cat.: (NUST): Miles Kelly, Super science experiments: fun stickers, step by step photographs, 30 amazing expriments, 2010
